Top 10 Countries With the Most Islands - Statistics

General Stats
  • This quiz has been taken 1,806 times
  • The average score is 9 of 10
Answer Stats
rank Answer Islands % Correct
5 Indonesia 17 508
98%
4 Canada 52 455
95%
3 Norway 55 000
91%
8 Japan 6 853
89%
7 Philippines 7 107
87%
1 Sweden 221 800
87%
9 United Kingdom 6 289
86%
2 Finland 179 584
85%
6 Australia 8 222
76%
10 Greece ca. 6 000
67%
No matching quizzes found
Score Distribution
Percent of People with Each Score
Percentile by Number Answered
Your Score History
You have not taken this quiz